000 00859nam a2200229Ii 4500
003 JO-AjNU
008 230605s9999||||xx |||||||||||||| ||und||
017 _a2021/8/4863
020 _a978-9957-97-202-8
040 _aJO-AjNU
_bara
_erda
_cJO-AjNU
041 _aara
050 1 4 _aP91.28 2022
100 3 _aالدبيسي، عبدالكريم علي,
_eauthor
_963115
245 0 0 _aالاعلام الرقمي وتحديات الذكاء الاصطناعي
250 _aط1
264 3 1 _aعمان: دار المسيرة للنشر والتوزيع والطباعة، 2022
300 _a261ص
336 _atext
_btxt
_2rdacontent
337 _aunmediated
_bn
_2rdamedia
338 _avolume
_bnc
_2rdacarrier
650 4 _aالاعلام الرقمي-الذكاء الاصطناعي-الاقتصاد-وسائل الاتصال الجماهيري
_963116
999 _aA28612
_c32180
_d32180